|
|
|
|
| LEADER |
01241nam a2200301 a 4500 |
| 001 |
36715 |
| 003 |
BD-DhAAL |
| 005 |
20191121124913.0 |
| 008 |
191121r19981996vtu b 001 0 eng |
| 999 |
|
|
|c 41892
|d 41892
|
| 010 |
|
|
|a 96000922
|
| 020 |
|
|
|a 1852789808
|
| 040 |
|
|
|a DLC
|c DLC
|d DLC
|d BD-DhAAL
|
| 050 |
0 |
0 |
|a HB172.5
|b .D69 1996
|
| 082 |
0 |
0 |
|a 339
|2 20
|
| 100 |
1 |
|
|a Dow, Sheila C.
|9 37524
|
| 245 |
1 |
4 |
|a The methodology of macroeconomic thought :
|b a conceptual analysis of schools of thought in economics /
|c Sheila C. Dow.
|
| 260 |
|
|
|a Cheltenham :
|b E. Elgar,
|c c1996 [Reprinted 1998]
|
| 300 |
|
|
|a xiv, 255 pages ;
|c 24 cm.
|
| 500 |
|
|
|a Rev. ed. of: Macroeconomic thought. 1985.
|
| 504 |
|
|
|a Includes bibliographical references (p. 223-245) and indexes.
|
| 526 |
|
|
|a ESS
|
| 541 |
|
|
|a Complimentary copy from Professor Dr. Nasreen Khundker
|e 36715
|
| 650 |
|
0 |
|a Macroeconomics.
|9 37525
|
| 700 |
1 |
|
|a Dow, Sheila C.
|t Macroeconomic thought.
|9 37526
|
| 852 |
|
|
|a Ayesha Abed Library
|c General Stacks
|
| 942 |
|
|
|2 ddc
|c BK
|
| 952 |
|
|
|0 0
|1 0
|2 ddc
|4 0
|6 339_000000000000000_DOW
|7 0
|9 67257
|a BRACUL
|b BRACUL
|c GEN
|d 2019-11-21
|e Complimentary copy from Professor Dr. Nasreen Khundker.
|l 1
|o 339 DOW
|p 3010036715
|r 2024-04-03
|s 2024-04-01
|t 1
|w 2019-11-21
|y BK
|